Statystyki dla Muzycy według zdjęć #2

Kliknij tutaj aby rozwiązać quiz!

Ogólne statystyki

  • Ten quiz został rozwiązany 282 razy
  • Średni wynik to 7 z 12

Statystyki odpowiedzi

Odpowiedź% Poprawnych
Justin Bieber
92%
Miley Cyrus
89%
Freddie Mercury
85%
Ariana Grande
81%
Beyoncé
79%
Avicii
77%
Bob Marley
66%
Ray Charles
35%
Tom Odell
29%
James Brown
26%
Astrud Gilberto
4%
Manu Chao
4%

Rozkład punktacji

Percentyl według liczby udzielonych odpowiedzi

Procent ludzi z każdym wynikiem

Twoja historia wyników

Nie rozwiązałeś tego quizu